MARC

LEADER 00000nab a2200000 a 4500
001 vtls000204463
003 SK-MaSNL
005 20260303221228.0
008 111130c1985 xo 0 slo
015 |a SNBRB19rr/mm-uuuuu 
035 |a CL0214576 
040 |a SNKBUCL  |b slo  |c SNKBUCL  |e AACR2 
041 0 |a slo 
044 |a xo  |c SK 
080 |a 885.4-1  |2 1981 
100 1 |a Bajza, Jozef Ignác,  |d 1755-1836  |4 aut  |9 107852 
245 1 0 |a Epigramy  |c Jozef Ignác Bajza ; Marián Heveši 
655 7 |a slovenská poézia  |2 snkbucl  |9 70444 
655 7 |a články z odboru literárna veda a krásna literatúra  |2 snkbucl  |9 770045 
655 7 |a články z novín a časopisov  |2 snkbucl  |9 267496 
655 7 |a epigramy  |2 snkbucl  |9 70418 
700 1 |a Heveši, Marián,  |d 1947-  |4 trl  |9 104700 
773 0 |t Roháč  |g Roč. 38, č. 2 (1985), s. 9 
850 |a Slovenská národná knižnica v Martine  |a MTA001 
852 |a SNK  |b KIS3GCP 
910 |a bpksh 
958 |a RK 
958 |a LX 
992 |a RBX 
999 |c 2231891  |d 2233821